000 01943cam a22002294a 4500
005 20250605164331.0
008 250528s ||||||||||||||||||||||||d
035 _a23234
020 _a9789605622411
040 _aGR-AtMCL
_bgre
_dGR-AtMCL
_eAACR2
245 1 _aΕπίλυση Συγκρούσεων στο Χώρο Εργασίας
260 _bA Qed Publication,
_c2014
300 _a374
520 _aΤο βιβλίο είναι γεμάτο από πολύτιμα εργαλεία που βοηθούν στην επίλυση των συγκρούσεων. Πρόλογος, Δέλα Στρατηγικές για Όλους, Κατανοούμε την Κουλτούρα και τη Δυναμική της Σύγκρουσης, Ακούμε με Ενσυναίσθηση και Ανταπόκριση, Αναζητούμε Κρυφά Μηνύματα κάτω από την Επιφάνεια, Αναγνωρίζουμε και Επαναπλαισιώνουμε τα Συναισθήματα, Διαχωρίζουμε το Σημαντικό από Αυτό που Στέκεται Εμπόδιο, Νοητική Προετοιμασία για τη Δημιουργική Επίλυση Προβλημάτων, Ο Προσδιορισμός του Προβλήματος Είναι το Πρόβλημα, Ηγούμαστε και Συμβουλεύουμε με Σκοπό τη Μετάπλαση, Εξερευνούμε τις Αντιστάσεις και Διαπραγματευόμαστε Συνεργατικά, Σχεδιάζουμε Συστήματα Πρόληψης και Χρησιμοποιούμε τη Διαμεσολάβηση, Επίλογος, Γλωσσάρι.
700 1 _aCloke Kenneth
_98816
700 1 _aGoldsmith Joan
_98817
700 1 _aΓαβριήλ Δήμητρα
_98818
700 1 _aΜπουραντάς Δημήτρης
_91036
942 _cBK
999 _c8263
_d8263